000 01044cam a2200349 a 4500
001 15033406
003 OSt
005 20170509122503.0
008 071004s2008 miu 000 1 eng
010 _a 2007041335
020 _a9781594146336
020 _a1594146330
040 _aDLC
_cDLC
_dDLC
043 _an-us-wa
050 0 0 _aPS3569.H3993
_bI85 2008
082 0 0 _a813/.54
_222
100 1 _aSherer, Michael W.
245 1 0 _aIsland life /
_cMichael W. Sherer.
250 _a1st ed.
260 _aDetroit :
_bGale,
_cc2008.
300 _a385 p. ;
_c23 cm.
650 0 _aFathers
_zWashington (State)
_vFiction.
650 0 _aFlight attendants
_xCrimes against
_vFiction.
650 0 _aYakuza
_vFiction.
651 0 _aSeattle (Wash.)
_vFiction.
655 0 _aDomestic fiction.
655 7 _aSuspense fiction.
_2gsafd
655 7 _aMystery fiction.
_2gsafd
906 _a7
_bcbc
_corignew
_d1
_eecip
_f20
_gy-gencatlg
942 _2lcc
_cBK
999 _c256392
_d256391